Top 50 NCAA Schools with Most Men's March Madness Wins - Statistics

General Stats
  • This quiz has been taken 103 times
  • The average score is 34 of 50
Answer Stats
Hint Answer % Correct
3 Duke
96%
1 Kentucky
93%
5 UCLA
93%
11 Michigan
92%
2 North Carolina
92%
15 Florida
90%
4 Kansas
89%
10 Michigan St
89%
26 Texas
89%
6 UConn
89%
7 Indiana
87%
12 Ohio St
82%
13 Arizona
81%
48 Texas Tech
79%
25 Illinois
77%
43 Oregon
77%
37 Alabama
76%
27 Purdue
76%
38 Tennessee
76%
16 Arkansas
74%
47 Iowa
74%
9 Villanova
74%
33 Virginia
74%
24 Wisconsin
73%
28 Maryland
71%
45 St. John's
71%
20 Houston
70%
17 Gonzaga
69%
41 LSU
69%
18 Oklahoma
69%
35 Baylor
65%
22 NC State
65%
14 Syracuse
65%
31 Kansas St
62%
8 Louisville
58%
32 Utah
58%
40 BYU
57%
42 Missouri
56%
30 Oklahoma St
55%
46 West Virginia
54%
29 Notre Dame
51%
49 Georgia Tech
50%
34 UNLV
48%
19 Cincinnati
46%
23 Georgetown
46%
21 Marquette
44%
39 Memphis
37%
50 Xavier
37%
36 Temple
24%
44 Saint Joseph's
8%
No matching quizzes found
Score Distribution
Percent of People with Each Score
Percentile by Number Answered
Your Score History
You have not taken this quiz